000 00564nam a2200241Ia 4500
003 20180611135707.0
005 20180611135956.0
008 170918s9999 xx 000 0 und d
020 _a9780545398152
050 _bP285 2010
100 _aPaulsen, Gary
245 1 _aMaster of disaster /
245 _aMaster of disaster /
245 _cby Gary Paulsen.
260 _aNew York :
260 _bScholastic,
260 _c2010
300 _a102 pages :
300 _billustrations ;
300 _c19cm.
500 _a1100
942 _2ddc
_cBK
999 _c344282
_d344282